Jaunty and popular journalism: how tabloid newspaper delight and draw readers (Record no. 31650)

MARC details
000 -LEADER
fixed length control field 00486nam a2200181Ia 4500
020 ## - INTERNATIONAL STANDARD BOOK NUMBER
ISBN 9789780321499
050 ## - CALL MARK
Classification number PN 4775 .R33/
100 ## - STATEMENT OF RESPONSIBILITY--MAIN AUTHOR NAME
Personal name Rabiu, Muhammad S.
245 #0 - TITLE STATEMENT
Title Jaunty and popular journalism: how tabloid newspaper delight and draw readers
260 ## - PUBLICATION, DISTRIBUTION, ETC. (IMPRINT)
Place of publication Ibadan
260 ## - PUBLICATION, DISTRIBUTION, ETC. (IMPRINT)
Name of publisher Stirling-Horden Publishers Ltd.
260 ## - PUBLICATION, DISTRIBUTION, ETC. (IMPRINT)
Year of publication 2012
300 ## - PHYSICAL DESCRIPTION
Number of Pages 162 p
650 ## - SUBJECT ADDED ENTRY--TOPICAL TERM
Topical Term Journalism
942 ## - ADDED ENTRY ELEMENTS (KOHA)
Koha item type Books
Holdings
Withdrawn status Lost status Source of classification or shelving scheme Damaged status Not for loan Permanent Location Current Location Shelving location Date acquired Accession Number Price effective from Koha item type
    Library of Congress Classification     NILE UNIVERSITY OF NIGERIA - MAIN LIBRARY NILE UNIVERSITY OF NIGERIA - MAIN LIBRARY Items on shelf 04/23/2025 0187454 04/23/2025 Books